South America Map Quiz - Scramble - Statistics

General Stats
  • This quiz has been taken 15 times
  • The average score is 10 of 12
Answers on the Map
Answers color-coded by a green-red scale on the quiz's map according to % correct below.
 
Answer Stats
Answer % Correct
Rbazli
100%
Uuurgya
100%
Evneuzlea
91%
Lchie
91%
Oolcbima
91%
Pure
91%
Raegntnia
91%
Aaaprygu
82%
Aagyun
82%
Ramenuis
82%
Iibolva
73%
Rodauce
73%
No matching quizzes found
Score Distribution
Percent of People with Each Score
Percentile by Number Answered
Your Score History
You have not taken this quiz